| 000 | 00465nam a2200145Ia 4500 | ||
|---|---|---|---|
| 003 | LK-CoDNM | ||
| 008 | 010623t xxu||||| |||| 00| 1 eng d | ||
| 040 |
_aLK-CoDNM _dLK-CoDNM _eLK-CoDNM |
||
| 041 | _aeng | ||
| 080 | _a(x)351.778.5 NAT | ||
| 245 | _aThe development of housing co-operatives in ceylon : report of the national seminar on-august 23-September 2,1971 | ||
| 260 |
_bCo-operative federation of ceylon _aColombo 03 |
||
| 300 | _b149, 24.5 cm | ||
| 942 | _cBK | ||
| 999 |
_c136119 _d136119 |
||